000
00293nam a2200145Ia 4500
100
_a
Morgan Gareth
942
_c
BK
654
_a
Physics
245
_a
Imaginization
260
_b
Response/Sage
_a
NONE
_c
1997
082
_a
658.4063
_b
MOR
300
_a
347
546
_a
ENGLISH
999
_c
29570
_d
29570